Gender and Posttraumatic Stress: Sexual Violence as an Explanation for Women's Increased Risk

Guardado en:  
Detalles Bibliográficos
Autores principales: Cortina, Lilia M. (Autor) ; Kubiak, Sheryl Pimlott (Autor)
Tipo de documento: Print Artículo
Lenguaje:Inglés
Publicado: 2006
En: Journal of abnormal psychology
Año: 2006, Volumen: 115, Número: 4, Páginas: 753-759
Verificar disponibilidad: HBZ Gateway
Palabras clave:

MARC

LEADER 00000caa a22000002c 4500
001 1640321314
003 DE-627
005 20220608131710.0
007 tu
008 160223s2006 xx ||||| 00| ||eng c
035 |a (DE-627)1640321314 
035 |a (DE-576)456115846 
035 |a (DE-599)BSZ456115846 
040 |a DE-627  |b ger  |c DE-627  |e rakwb 
041 |a eng 
100 1 |a Cortina, Lilia M.  |4 aut 
245 1 0 |a Gender and Posttraumatic Stress: Sexual Violence as an Explanation for Women's Increased Risk  |c Lilia M. Cortina, Sheryl Pimlott Kubiak 
264 1 |c 2006 
336 |a Text  |b txt  |2 rdacontent 
337 |a ohne Hilfsmittel zu benutzen  |b n  |2 rdamedia 
338 |a Band  |b nc  |2 rdacarrier 
700 1 |a Kubiak, Sheryl Pimlott  |4 aut 
773 0 8 |i In  |t Journal of abnormal psychology  |d Washington, DC : Assoc., 1906  |g 115(2006), 4, Seite 753-759  |w (DE-627)129079189  |w (DE-600)3127-6  |w (DE-576)014411792  |x 0021-843X  |7 nnas 
773 1 8 |g volume:115  |g year:2006  |g number:4  |g pages:753-759 
935 |a mkri 
951 |a AR 
ELC |b 1 
LOK |0 000 xxxxxcx a22 zn 4500 
LOK |0 001 3301889603 
LOK |0 003 DE-627 
LOK |0 004 1640321314 
LOK |0 005 20160223101640 
LOK |0 008 160208||||||||||||||||ger||||||| 
LOK |0 040   |a DE-21-110  |c DE-627  |d DE-21-110 
LOK |0 689   |a s  |a Sexuelle Gewalt 
LOK |0 689   |a s  |a Viktimisierung 
LOK |0 689   |a s  |a Frauen 
LOK |0 689   |a s  |a Posttraumatische Belastungsstörung 
LOK |0 689   |a s  |a Risikofaktoren 
LOK |0 852   |z Kein Bestand am IfK; Nachweis für KrimDok 
LOK |0 852   |a DE-21-110 
LOK |0 852 1  |m v  |9 00 
LOK |0 935   |a k110 
LOK |0 938   |k v 
LOK |0 939   |a 08-02-16  |b l01 
ORI |a SA-MARC-krimdoka001.raw